000 00409 a2200157 4500
999 _c321309
_d321309
001 86236
003 NUST
005 20180122100916.0
008 180122b xxu||||| |||| 00| 0 eng d
020 _a9789693522501
082 _a891.914391 HUS
100 _aMaulvi Muhammad Hussain Azad
_99435
245 _aAab-e-Hayat
_cMaulvi Muhammad Hussain Azad
_hUrdu
250 _a1st
260 _aLahore
_bSang e Meel
_c2009
300 _a436p.
500 _aGeneral Collection
942 _aCAE NUST
_cBK
_k891.914391 HUS
_2ddc